00498 2200205 4500001002100000008004100021035002000062245006100082100001600143250000600159260003200165300001200197084001400209082000800223650001300231990001200244990001200256990001200268990001200280INLIS000000000000677 ind  a0010-0424000653 aEnsiklopedia Penjas; Dasar-Dasar Bola BasketcJon Oliver aOliver, Jon a1 aBandung :bPakar Rayac2007 a141 hlm a703 JON e a703 aNonfiksi a0721762 a0721763 a0721764 a0721765